ბათუმის შოთა რუსთაველის სახელმწიფო უნივერსიტეტის ბიბლიოთეკა

ბიბლიური მოტივები; რჩეული ლექსები (ბიბ.ჩანაწერი № 49067)

000 -LEADER
fixed length control field 00650nam a2200193Ia 4500
001 - CONTROL NUMBER
control field 15973
003 - CONTROL NUMBER IDENTIFIER
control field GE_BSU
008 - FIXED-LENGTH DATA ELEMENTS--GENERAL INFORMATION
fixed length control field 181216s||||||||xx |||||||||||||| ||und||
040 ## - CATALOGING SOURCE
Transcribing agency GE_BSU
080 ## - UNIVERSAL DECIMAL CLASSIFICATION NUMBER
Universal Decimal Classification number 821.353.1-1
100 ## - MAIN ENTRY--PERSONAL NAME
Personal name ხუხაშვილი, გიორგი
245 ## - TITLE STATEMENT
Title ბიბლიური მოტივები; რჩეული ლექსები
260 ## - PUBLICATION, DISTRIBUTION, ETC.
Place of publication, distribution, etc. თბილისი
260 ## - PUBLICATION, DISTRIBUTION, ETC.
Name of publisher, distributor, etc. ქართული თეატრი
260 ## - PUBLICATION, DISTRIBUTION, ETC.
Date of publication, distribution, etc. 1992
300 ## - PHYSICAL DESCRIPTION
Extent 480გვ. ; 20სმ.
653 ## - INDEX TERM--UNCONTROLLED
Uncontrolled term ბიბლიური მოტივები; რჩეული ლექსები
942 ## - ADDED ENTRY ELEMENTS (KOHA)
Koha item type წიგნი
ეგზემპლარები
Withdrawn status Lost status Damaged status Not for loan Date acquired Barcode Date last seen Price effective from Koha item type
        2018-12-17 39418 2018-12-17 2018-12-17 წიგნი
        2018-12-17 39419 2018-12-17 2018-12-17 წიგნი
        2018-12-17 39420 2018-12-17 2018-12-17 წიგნი
        2018-12-17 39421 2018-12-17 2018-12-17 წიგნი
        2018-12-17 39422 2018-12-17 2018-12-17 წიგნი